000 00852cam a2200253 4500
001 J112353
008 000000n2000 000 0 eng u
020 _a0117820121
035 _a(Sirsi) u112353
050 _a306.0212
110 _aUnited Kingdom
_bDepartment of the Environment, Transport and the Regions
_93507
245 _aHousing and construction statistics Great Britain 2000. Part 1 - (March quarter 2000)
260 _aLondon
_bStationery Office
_c2000
300 _a14p. ; 30cm.
350 _a14.00
520 _aFrom June 2000 quarter published as Housing Statistics Great Britain 2000 in one volume q.v.
650 _aCONSTRUCTION INDUSTRY
650 _aDCLG HOUSING AND CONSTRUCTION STATISTICS
650 _aSTATISTICS
690 _aHOUSING
710 _aScottish Executive
_93811
710 _aNAFW
_93812
942 _n0
999 _c101411
_d101411